Countries with the Most Rivers Over 600 Km - Statistics

General Stats
  • This quiz has been taken 439 times
  • The average score is 7 of 9
Answer Stats
Rivers Country % Correct
24 China
97%
36 Russia
97%
28 United States
97%
22 Brazil
95%
13 Canada
92%
10 India
89%
8 Democratic Republic of the Congo
70%
8 Peru
44%
10 Bolivia
24%
No matching quizzes found
Score Distribution
Percent of People with Each Score
Percentile by Number Answered
Your Score History
You have not taken this quiz